000 00282nam a2200121 a 4500
005 20140414093835.0
008 030611s19uu xx 00 eng d
050 _aCDR 510
_bMAT n.d.
245 _aMathematics library.
650 _aMathematics.
942 _cAVM
999 _c108992
_d108992